000 00835nas a2200241 4500
001 BR2012008300
003 BR-BrBNA
005 20231205121400.0
007 ta
008 230509b bl.|||p| |||| 00| 00por d
040 _aBR-BrBNA
_bpor
_cBiblioteca Nacional de Agricultura
041 _a(Pt)
072 _aE14
100 1 _aBaldi, M.
100 1 _aLopes, F.D.
245 1 _aA criação do Centro Tecnológico do Camarão no Rio Grande do Norte: uma análise a partir da abordagem da Tríplice Hélice e da perspectiva de redes sociais
650 _aCARCINICULTURA
650 _aINOVAÇÃO
650 _aTECNOLOGIA DA INFORMAÇÃO
773 0 _tRevista Econômica do Nordeste (Brazil)
_xISSN 0100-4956
_g(Jan-Mar 2010), v. 41(1) p. 167-180
_wBR2012008300
909 _a202311
_bLúcia
_c55
_dLúcia Elande
942 _2AGRIS
_n0
_cANA
999 _c223276
_d223276